000 00781nam a2200217 i 4500
001 20852
003 ES-MaACL
005 20230906152356.0
007 t|
008 021119s1889 sp ||||1| spa d
080 _a061.41 Barcelona "1888"
100 1 _aAlamo, Gregorio del.
_919109
245 1 0 _aMemoria de la Exposición Universal de Barcelona /
_cpresentada por Gregorio del Alamo y José Velada.
260 _aMadrid :
_b[s.n.],
_c1889 (
_fImpr. de los Hijos de J. A. García)
300 _a32 p. ;
_c23 cm.
500 _aPrecede al tít.: El Fomento de las Artes.
611 2 _aExposición Universal.
_d1888.
_cBarcelona)
_9153421
700 1 _aVelada, José.
_9139236
710 2 _aSociedad Matritense El Fomento de las Artes.
_9139234
852 _aES-MaACL
_jT-551-F-11
999 _c20852
_d20852